Lectures on p-Adic L-Functions
Saved in:
| Hovedforfatter: | |
|---|---|
| Format: | Bog |
| Sprog: | engelsk |
| Udgivet: |
Princeton
Princeton University Press
1972
|
| Udgivelse: | 1a. ed |
| Serier: | Annals of Mathematics Studies, 74
|
| Fag: | |
| Tags: |
Tilføj Tag
Ingen Tags, Vær først til at tagge denne postø!
|
MARC
| LEADER | 00000cam a2200000 a 4500 | ||
|---|---|---|---|
| 001 | UCF0854 | ||
| 003 | CL-VaPUC | ||
| 008 | 120614e19720000US |||||||||||||||||eng|d | ||
| 020 | |a 0691081123 | ||
| 082 | 0 | 4 | |a 512.74 |b IWA |2 21 |
| 100 | 0 | |a Iwasawa, Kenkichi |e author |9 562558 | |
| 245 | 1 | 0 | |a Lectures on p-Adic L-Functions |
| 250 | |a 1a. ed | ||
| 300 | |a 106 p | ||
| 942 | |c BK | ||
| 945 | |d 20120614 00:00:00 |a cmena | ||
| 260 | |a Princeton |b Princeton University Press |c 1972 | ||
| 650 | 0 | |a Funciones (Matemáticas) |9 338128 | |
| 650 | 0 | |a Álgebra |9 259567 | |
| 650 | 0 | |a Teoría de números |9 265327 | |
| 583 | |a last modification |c 20130325 03:42:11 |k Rodrigo Vera | ||
| 490 | 0 | |a Annals of Mathematics Studies, 74 | |
| 999 | |c 347952 |d 347950 | ||
| 952 | |0 0 |1 0 |4 0 |6 512_740000000000000_IWA_1972 |7 0 |8 A |9 449758 |a BIBMAT |b BIBMAT |d 2019-11-22 |i 4875982 |o 512.74 IWA 1972 |p 4875982 |r 2025-01-07 |w 2019-11-22 |y BK |k MAT | ||